000 00685nam a2200265Ia 4500
003 OSt
005 20220918221744.0
006 a|||||r|||| 00| 0
007 ta
008 220917b |||||||| |||| 00| 0 eng d
024 _a202,649
037 _cTextual
040 _aARTS
_cARTS
_beng
041 _2eng
_aeng
082 _aW0aX:75, P2(
100 _aBarry Norman P
_915791
245 0 _aWelfare
250 _a2nd
260 _aNew Delhi
_bViva Books Pvt. Ltd.
_c2002
300 _aix, 155p
_ccm.
490 _aConcepts in social thought
650 _aPOLITICAL SCIENCE
942 _hW0aX:75, P2(
_cTEXL
_2CC
999 _c273507
_d273507